01002nam a2200241 a 45000010005000000030008000050050017000130080039000300350018000690400027000870410008001140820024001222450134001462600037002803000021003175040041003386500055003797000041004349420012004759990015004879520138005029520120006407131BD-RjUL20211208234352.014 t1968 enk b 000 0 eng a(BD-RjUL)7173 aDLCcDLCbengdBD-RjUL aeng04216a351.1bSPE 196800aSpecialists and generalists :ba comparative study of the professional civil servant at home and abroad /cedited by F.F. Ridley. aLondon :bAllen & Unwin,cc1968. a213 p. ;c23 cm. aIncludes bibliographical references. 0aCivil servicexAddresses, essays, lectures.9223171 aRidley, F. F.q(Frederick F.)917255 2ddccBK c7131d7131 00102ddc40708NFICaRUCLbRUCLcstackd1970-08-24eZeitlingerg133.00l0o351.1 SPE 1968r2014-01-13 00:00:00tC-2w2021-12-08yBK 00102ddc40718NFICaRUCLbRUCLcReadingd1970-02-11l0o351.1 SPE 1968r2016-12-22 00:00:00tC-1w2016-12-22yBK